Kam s cennými papíry

V novele zákona o účtovníctve v ČR sa účtovné zachytenie cenných papierov (CP) zhoduje s medzinárodnými účtovnými štandardami IAS. Druhy cenných papierov: majetkové a dlžné. Kritériá pre zaradenie CP na konkrétny účet. Zmeny v oceňovaní CP. Daňové súvislosti. Česká právna úprava a medzinárodné štand...

Celý popis

Uložené v:
Podrobná bibliografia
Hlavný autor: Škarpová, Beata
Médium: Kapitola
Jazyk:Czech
Predmet:
Tagy: Pridať tag
Žiadne tagy, Buďte prvý, kto otaguje tento záznam!

MARC

LEADER 00000naa a2200000 4500
001 r045876
005 20231004070520.3
041 0 |a cze 
044 |a CZ 
245 1 0 |a Kam s cennými papíry  |c Beata Škarpová 
520 |a V novele zákona o účtovníctve v ČR sa účtovné zachytenie cenných papierov (CP) zhoduje s medzinárodnými účtovnými štandardami IAS. Druhy cenných papierov: majetkové a dlžné. Kritériá pre zaradenie CP na konkrétny účet. Zmeny v oceňovaní CP. Daňové súvislosti. Česká právna úprava a medzinárodné štandardy IAS. 
610 2 0 |a papiere cenné 
610 2 0 |a účtovníctvo 
610 2 0 |a oceňovanie 
610 2 0 |a dane 
610 2 0 |a dane z príjmov 
610 2 0 |a štandardy 
610 2 0 |a IAS 
610 2 0 |a úpravy právne 
610 2 0 |a Česko 
100 1 |a Škarpová, Beata